LEADER 01141nam a2200277 4500 001 000000354316 003 CaOOAMICUS 005 20230620085802.0 008 230619s2023 sp 000 u spa r 020 $a978-84-9165-548-0 040 $aSeMil$bita 100 1 $aValli, Norberto,$d<1968- >.$0(OLS)http://semarc/name/41518 245 13$aEl rito ambrosiano /$cNorberto Valli. 264 1$aBarcelona :$bCentre de Pastoral Litúrgica,$c2023. 300 $a183 p. ;$c21 cm 490 1 $aCuadernos Phase ;$v272 650 4$aRito ambrosiano.$0(OLS)http://semarc/subject/2295 830 0$aCuadernos Phase ;$v272.$0(OLS)http://semarc/title/26467 850 $aSeMil 852 $aSeMil$W1$xVenegono$y1$m3K II 442$j242669$B245580$CSeMilBibl$Z2$F245580 $81 961 $aValli don Norberto - Omaggio 961 $aIn omaggio per recensione su La scuola cattolica 996 $6020$a978-84-9165-548-0$9(OLS)http://semarc/number/298386 996 $6245$aEl rito ambrosiano$9(OLS)http://semarc/title/444453 996 $6264$aBarcelona :$bCentre de Pastoral Litúrgica$9(OLS)http://semarc/publisher/30815 LEADER 01198nam a2200241 i 4500 001 000000152847 003 CaOOAMICUS 005 20060906000000.0 008 060906s1985 it u000 u ita u 013 $a130188 040 $aSeMil$bita 100 1 $aCarena, Omar <1947-1989>.$0(OLS)http://semarc/name/16755 245 13$aIl resto di Israele :$bstudio storico-comparativo delle iscrizioni reali assire e dei testi profetici sul tema del resto /$cOmar Carena. 260 $aBologna :$bEDB,$ccopyr. 1985. 300 $a108 p. ;$c24 cm. 490 0 $aSupplementi alla Rivista Biblica ;$v13 500 $aContiene : Bibliografia. 650 4$aBibbia. Antico Testamento. Libri profetici - Commentari, studi, critica e interpretazione.$0(OLS)http://semarc/subject/5980 830 0$aSupplementi alla Rivista Biblica ;$v13.$0(OLS)http://semarc/title/12 850 $aSeMil 852 $aSeMil$W1$xVenegono$y1$m2XA K 13$j104791$B104791$CSeMilBibl$Z2$F113949 $81 996 $6245$aIl resto di Israele :$bstudio storico-comparativo delle iscrizioni reali assire e dei testi profetici sul tema del resto$9(OLS)http://semarc/title/223519 996 $6260$aBologna :$bEDB$9(OLS)http://semarc/publisher/29669